| 000 | 00394nam a2200169Ia 4500 | ||
|---|---|---|---|
| 008 | 230524s9999 xx 000 0 und d | ||
| 020 | _a8188429600 | ||
| 082 |
_a5.43 _bPRA |
||
| 100 | _aP.Balakrishna Prasad | ||
| 245 | 0 | _aOperating Systems | |
| 250 | _a2ND | ||
| 260 |
_aCHENNAI _bScitech _c2004 |
||
| 300 | _aXV;404 | ||
| 500 | _aQuantity Number: 13 | ||
| 650 | _aComp-Sc | ||
| 942 | _cBK | ||
| 999 |
_c18825 _d18825 |
||